000 00734nam a2200253Ia 4500
003 OSt
005 20220928131431.0
006 a|||||r|||| 00| 0
007 ta
008 220927b |||||||| |||| 00| 0 eng d
020 _c3535.9974999999999
024 _a105487
037 _b03, 06/01/2010, Sunrise Books
_cTextual
040 _aSDCL
_cSDCL
_beng
041 _2eng
_aeng
082 _aB 26, QO
100 _aPaulsen William
_9478104
245 0 _aAbstract algebra
_b An interactive approach.
260 _aBoca Raton
_b CRC Press
_c2010
300 _axxix, 525p
_ccm.
650 _aMathematics
942 _hB 26, QO
_cTEXL
_2CC
999 _c790605
_d790605